[Event "Amazonense-ch sf 2"]
[Site "Manaus"]
[Date "2014.03.22"]
[Round "3.13"]
[White "Silva, Gustavo da Nobrega"]
[Black "Ramires, Suellen Goncalves"]
[Result "1-0"]
[WhiteElo "1632"]
[BlackElo "1861"]
[PlyCount "119"]
[EventDate "2014.03.15"]
[EventType "swiss"]
[EventRounds "5"]
[EventCountry "BRA"]
[SourceTitle "EXT 2022"]
[Source "ChessBase"]
[SourceDate "2021.10.06"]
[SourceVersion "1"]
[SourceVersionDate "2021.10.06"]
[SourceQuality "1"]

1. e4 e5 2. Nf3 Nc6 3. Bc4 Nf6 4. Ng5 Qe7 5. Nxf7 Rg8 6. Ng5 Nb4 7. Bxg8 Nxg8 8. Nf3 b6 9. 0-0 Ba6 10. Re1 0-0-0 11. b3 Qe6 12. Nc3 Be7 13. Ba3 Nf6 14. d3 Ng4 15. Rf1 Nc6 16. Qd2 Bxa3 17. Ng5 Qh6 18. h3 Nf6 19. Qe3 Bb2 20. Rab1 Bxc3 21. Qg3 Bd2 22. Nf7 Rf8 23. Nxh6 Bxh6 24. Qf3 Ne7 25. Rbd1 Ng6 26. Qe2 Nf4 27. Qe1 N6h5 28. Qb4 Rf6 29. Qe7 Rg6 30. g4 Nxh3+ 31. Kg2 N5f4+ 32. Kg3 Bg5 33. Qxe5 d6 34. Qe8+ Kb7 35. Qg8 Nxf2 36. Kxf2 Bh4+ 37. Kf3 Nh3 38. Qxh7 Rf6+ 39. Kg2 Nf4+ 40. Kh1 Bg3 41. Qxg7 Rg6 42. Qf7 Rh6+ 43. Kg1 Ne6 44. g5 Nxg5 45. Qg7 Rh5 46. Qg6 Rh2 47. Qxg5 Bh4 48. Qh5 Bf2+ 49. Kxh2 c6 50. Qf7+ Kb8 51. Qxf2 b5 52. Qf7 Bb7 53. Qf8+ Bc8 54. Qxd6+ Kb7 55. Qc5 Kc7 56. Rf8 Kb8 57. Rf7 Bb7 58. Rg1 a6 59. Rg8+ Bc8 60. Qa7# 1-0

[Event "Amazonense-ch sf 2"]
[Site "Manaus"]
[Date "2014.03.16"]
[Round "2.8"]
[White "Ramires, Suellen Goncalves"]
[Black "Farias, Sergio Luiz Cardoso"]
[Result "0-1"]
[WhiteElo "1740"]
[BlackElo "1585"]
[PlyCount "58"]
[EventDate "2014.03.15"]
[EventType "swiss"]
[EventRounds "5"]
[EventCountry "BRA"]
[SourceTitle "EXT 2022"]
[Source "ChessBase"]
[SourceDate "2021.10.06"]
[SourceVersion "1"]
[SourceVersionDate "2021.10.06"]
[SourceQuality "1"]

1. e4 e5 2. c4 d6 3. d3 Nc6 4. Nf3 Bg4 5. Nc3 Nf6 6. h3 Bh5 7. Be2 Nd4 8. Qa4+ c6 9. g4 Bg6 10. Nd2 Be7 11. b3 Nc2+ 12. Kd1 Nxa1 13. Bb2 Nxb3 14. Nxb3 a6 15. g5 Nd7 16. Na5 Qc7 17. h4 b5 18. Qb4 c5 19. Qb3 Qxa5 20. cxb5 axb5 21. Nd5 c4 22. dxc4 Bxe4 23. Rf1 Nc5 24. Qh3 Bxd5 25. cxd5 Qxa2 26. Bc1 Qxd5+ 27. Bd2 Ra1+ 28. Kc2 Qa2+ 29. Kc3 Qb3# 0-1